Aversive Democracy : (Record no. 11330)
[ view plain ]
| 000 -LEADER | |
|---|---|
| fixed length control field | 01888cam a22003974a 4500 |
| 001 - CONTROL NUMBER | |
| control field | 15239466 |
| 005 - DATE AND TIME OF LATEST TRANSACTION | |
| control field | 20080814115829.0 |
| 008 - FIXED-LENGTH DATA ELEMENTS--GENERAL INFORMATION | |
| fixed length control field | 080329s2007 enk |rb 001 0 eng c |
| 010 ## - LIBRARY OF CONGRESS CONTROL NUMBER | |
| LC control number | 2008295835 |
| 015 ## - NATIONAL BIBLIOGRAPHY NUMBER | |
| National bibliography number | GBA807579 |
| Source | bnb |
| 016 7# - NATIONAL BIBLIOGRAPHIC AGENCY CONTROL NUMBER | |
| Record control number | 014277305 |
| Source | Uk |
| 020 ## - INTERNATIONAL STANDARD BOOK NUMBER | |
| International Standard Book Number | 9780521878425 (hardback) |
| 020 ## - INTERNATIONAL STANDARD BOOK NUMBER | |
| International Standard Book Number | 052187842X (hardback) |
| 020 ## - INTERNATIONAL STANDARD BOOK NUMBER | |
| International Standard Book Number | 9780521702683 (pbk.) |
| 020 ## - INTERNATIONAL STANDARD BOOK NUMBER | |
| International Standard Book Number | 0521702682 (pbk.) |
| 035 ## - SYSTEM CONTROL NUMBER | |
| System control number | (OCoLC)ocn176918883 |
| 040 ## - CATALOGING SOURCE | |
| Original cataloging agency | COO |
| Transcribing agency | COO |
| Modifying agency | UKM |
| -- | BTCTA |
| -- | BAKER |
| -- | DLC |
| 042 ## - AUTHENTICATION CODE | |
| Authentication code | pcc |
| 050 00 - LIBRARY OF CONGRESS CALL NUMBER | |
| Classification number | JC423 |
| Item number | .N68 2007 |
| 082 00 - DEWEY DECIMAL CLASSIFICATION NUMBER | |
| Classification number | 321.8 |
| Edition number | 22 |
| Item number | NOR |
| 100 1# - MAIN ENTRY--PERSONAL NAME | |
| Personal name | Norval, Aletta J. |
| 9 (RLIN) | 3847 |
| 245 10 - TITLE STATEMENT | |
| Title | Aversive Democracy : |
| Remainder of title | Inheritance and Originality in the Democratic Tradition / |
| Statement of responsibility, etc | Aletta J. Norval. |
| 260 ## - PUBLICATION, DISTRIBUTION, ETC. (IMPRINT) | |
| Place of publication, distribution, etc | Cambridge ; |
| -- | New York : |
| Name of publisher, distributor, etc | Cambridge University Press, 2007 |
| Date of publication, distribution, etc | c2007. |
| 300 ## - PHYSICAL DESCRIPTION | |
| Extent | x, 238 p. ; |
| Dimensions | 24 cm. |
| 504 ## - BIBLIOGRAPHY, ETC. NOTE | |
| Bibliography, etc | Includes bibliographical references (p. [215]-229) and index. |
| 650 #0 - SUBJECT ADDED ENTRY--TOPICAL TERM | |
| Topical term or geographic name as entry element | Democracy. |
| 9 (RLIN) | 3848 |
| 650 #0 - SUBJECT ADDED ENTRY--TOPICAL TERM | |
| Topical term or geographic name as entry element | Democracy |
| General subdivision | Philosophy. |
| 9 (RLIN) | 3849 |
| 650 #0 - SUBJECT ADDED ENTRY--TOPICAL TERM | |
| Topical term or geographic name as entry element | Political participation. |
| 9 (RLIN) | 3850 |
| 856 42 - ELECTRONIC LOCATION AND ACCESS | |
| Materials specified | Contributor biographical information |
| Uniform Resource Identifier | <a href="http://www.loc.gov/catdir/enhancements/fy0827/2008295835-b.html">http://www.loc.gov/catdir/enhancements/fy0827/2008295835-b.html</a> |
| 856 42 - ELECTRONIC LOCATION AND ACCESS | |
| Materials specified | Publisher description |
| Uniform Resource Identifier | <a href="http://www.loc.gov/catdir/enhancements/fy0827/2008295835-d.html">http://www.loc.gov/catdir/enhancements/fy0827/2008295835-d.html</a> |
| 856 41 - ELECTRONIC LOCATION AND ACCESS | |
| Materials specified | Table of contents only |
| Uniform Resource Identifier | <a href="http://www.loc.gov/catdir/enhancements/fy0827/2008295835-t.html">http://www.loc.gov/catdir/enhancements/fy0827/2008295835-t.html</a> |
| 942 ## - ADDED ENTRY ELEMENTS (KOHA) | |
| Source of classification or shelving scheme | Dewey Decimal Classification |
| Item type | Book - Borrowing |
| Withdrawn status | Item status | Source of classification or shelving scheme | Damaged status | Not for loan | Vendor | Home library | Current library | Shelving location | Date acquired | Source of acquisition | Cost, normal purchase price | Serial Enumeration / chronology | Total Checkouts | Total Renewals | Full call number | Barcode | Date last seen | Date last borrowed | Koha item type |
|---|---|---|---|---|---|---|---|---|---|---|---|---|---|---|---|---|---|---|---|
| Dewey Decimal Classification | Baccah | Central Library | Central Library | First floor | 21/04/2009 | 166.40 | 6994 | 3 | 2 | 321.8 NOR | 000015945 | 15/07/2025 | 13/03/2012 | Book - Borrowing | |||||
| Dewey Decimal Classification | Baccah | Central Library | Central Library | First floor | 28/03/2010 | 166.40 | 9836 | 3 | 321.8 NOR | 000020370 | 15/07/2025 | 23/10/2016 | Book - Borrowing |